000 01034nam a2200253Ia 4500
003 OSt
005 20220923211300.0
006 a|||||r|||| 00| 0
007 ta
008 220922b |||||||| |||| 00| 0 hin d
020 _a9788179171165 (hbk)
_c750
024 _a245,229
037 _b367, 11/02/2011, Swaraj Prakashan
_cTextual
040 _aARTS
_cARTS
_bhin
041 _2hin
_ahin
082 _aY:45111, 152P8
100 _aदुर्खीम, एमिल; गुप्ता, राम किशन, अनु.
_9160148
245 0 _aआत्महत्या
_b एक समाजशस्त्रीय अध्ययन
246 _aĀthinatyā: ek samājashastrīya adhyayana
260 _aनई दिल्ली
_b ग्रंथ शिल्पी
_c2008
300 _a416पृ.
_ccm.
942 _hY:45111, 152P8
_cTEXL
_2CC
999 _c298105
_d298105